A TEXTBOOK OF ORGANIC CHEMISTRY (Record no. 33359)

MARC details
000 -LEADER
fixed length control field 00387nam a22001697a 4500
005 - DATE AND TIME OF LATEST TRANSACTION
control field 20230831184618.0
008 - FIXED-LENGTH DATA ELEMENTS--GENERAL INFORMATION
fixed length control field 230831b |||||||| |||| 00| 0 eng d
082 ## - DEWEY DECIMAL CLASSIFICATION NUMBER
Classification number 615
Item number YOU-O
100 ## - MAIN ENTRY--AUTHOR
Author Name Younas.M
245 ## - TITLE STATEMENT
Title A TEXTBOOK OF ORGANIC CHEMISTRY
260 ## - PUBLICATION, DISTRIBUTION, ETC.
Place of Publication Pakistan
Date of publication, distribution, etc. 2009
300 ## - PHYSICAL DESCRIPTION
Pages 642
500 ## - GENERAL NOTE
General note incluide index
650 ## - SUBJECT ADDED ENTRY--TOPICAL TERM
Subject / Department Medical
700 ## - ADDED ENTRY--PERSONAL NAME
Personal name M.Younas
952 ## - LOCATION AND ITEM INFORMATION (KOHA)
-- 0
-- 0
Holdings
Lost status Damaged status Permanent Location Current Location Shelving Location Date acquired Full Call Number Accession No./Barcode Date last seen item type
    Superior Information Resource Center (SIRC) Superior University- Main Campus Superior Information Resource Center (SIRC) Superior University- Main Campus Medical 08/31/2023 615 YOU-O 2009 20288 08/31/2023 BOOK

Powered by Koha